Buddhist Countries - Sudden Death - Statistics

General Stats
  • This quiz has been taken 87 times
  • The average score is 4 of 7
Answers on the Grid
Answers color-coded by a green-red scale on the quiz's grid according to % correct below.
Afghanistan
Bhutan
Cambodia
China
India
Japan
Laos
Malaysia
Maldives
Mongolia
Myanmar
Nauru
Nepal
North Korea
Singapore
South Korea
Sri Lanka
Taiwan
Thailand
Vietnam
 
Answer Stats
Answer % Correct
75% Bhutan
82%
97% Cambodia
76%
64% Laos
49%
94% Thailand
45%
89% Myanmar
39%
51% Mongolia
29%
70% Sri Lanka
29%
No matching quizzes found
Score Distribution
Percent of People with Each Score
Percentile by Number Answered
Your Score History
You have not taken this quiz